00779nam a22002057a 45000010005000000030006000050050017000110080041000280400029000690820008000981000022001062450066001282600043001943000048002375050007002855200164002925200070004565210028005265210019005548282FISKH20250908140645.0250908b cb ||||| |||| 00| 0 eng d aFISKHbkhrcFISKHdFISKH a800 aSotheary, Kimsun  aថៅកែសណ្ដែកដី : bThe boss of Peanut / aPhnom Penh : bReading Books, c2010.  a20 pages : bcolor illustrations ; c25 cm  aL  aការរៀនសូត្រគឺជាកំណប់ទ្រព្យដែលទៅតាមម្ចាស់គ្រប់ទីកន្លែង aEducation is a precious treasure that stays with you everywhere. 8 a510 bLexile estimate 8 aL bRaz-Plus